|
|
|
|
| LEADER |
00000nam0a2200000 4500 |
| 001 |
48325 |
| 005 |
20231101211137.0 |
| 010 |
|
|
|a 5318007805
|
| 035 |
|
|
|a (RuTPU)RU\TPU\book\50619
|
| 090 |
|
|
|a 48325
|
| 100 |
|
|
|a 20030317d2002 m y0rusy50 ca
|
| 101 |
0 |
|
|a rus
|
| 102 |
|
|
|a RU
|
| 105 |
|
|
|a y j 001zy
|
| 200 |
1 |
|
|a Введение в теорию и методы оптимизации для экономистов
|e учебное пособие
|f В. А. Фролькис
|
| 205 |
|
|
|a 2-е изд.
|
| 210 |
|
|
|a СПб.
|c Питер
|d 2002
|
| 215 |
|
|
|a 314 с.
|
| 225 |
1 |
|
|a Учебное пособие
|
| 320 |
|
|
|a Библиогр.: с. 314.
|
| 606 |
1 |
|
|a Оптимальные решения в экономике
|x Экономико-математические модели
|2 stltpush
|3 (RuTPU)RU\TPU\subj\70521
|9 84758
|
| 610 |
1 |
|
|a экономика
|
| 610 |
1 |
|
|a математические методы
|
| 610 |
1 |
|
|a математические модели
|
| 610 |
1 |
|
|a оптимизация
|
| 610 |
1 |
|
|a методы
|
| 610 |
1 |
|
|a теория
|
| 610 |
1 |
|
|a выпуклые модели
|
| 610 |
1 |
|
|a численные методы
|
| 610 |
1 |
|
|a линейное программирование
|
| 610 |
1 |
|
|a симплексный метод
|
| 610 |
1 |
|
|a линейная оптимизация
|
| 610 |
1 |
|
|a транспортные задачи
|
| 610 |
1 |
|
|a учебные пособия
|
| 686 |
|
|
|a Ув631.5я73
|v LBC/SL-A
|2 rubbk
|
| 700 |
|
1 |
|a Фролькис
|b В. А.
|g Виктор Абрамович
|
| 801 |
|
1 |
|a RU
|b 63413507
|c 20030317
|g PSBO
|
| 801 |
|
2 |
|a RU
|b 63413507
|c 20221031
|g PSBO
|
| 942 |
|
|
|c BK
|